000 00546nam a22002177a 4500
003 UA-OsUOA
001 38852
007 ta
008 20060529b un ||||| |||| 00| 0 ukr d
100 _aХайтун С.Д.
090 _a101
_bХ11
942 _cSA
040 _aUA-OsUOA
_brus
_cUA-OsUOA
_dUA-OsUOA
245 _aНоменклатура как "разумная система"
300 _a97-112 с.
955 _a0
041 _arus
080 _a101
773 0 _w38849
650 7 _a1 Філософські науки
_2UDC
999 _c324996
_d324996